000 00572nam a22001697a 4500
005 20251108174943.0
008 250721s1997 xx 000 0 ara d
082 1 4 _a956.411/وصف
100 1 _aالبشاوي، سعيد عبد الله
_eمترجم
245 1 0 _aوصف رحلة الحاج سايوسف لبيت المقدس و الأراضي المقدسة 1102-1103م /
264 1 _aعمان :
_bدار الشروق للنشر،
_c1997.
300 _a69ص.
650 1 7 _aفلسطين
650 1 7 _aتاريخ فلسطين
942 _2ddc
_cBK
999 _c122380
_d122380